00441nam a2200157Ia 4500008004100000040001400041082002200055100001900077245003400096260003600130300001300166365002800179366000800207630003400215730003400249100315s9999 xx 000 0 und d cENGLISH  b5407 a336.294  a"Datey, V.S. " aIndirect Taxes Law & Practice aNew Delhi bTaxmann  c2005  a896p.   eRupees d1 b310.00  f0  aIndirect Taxes Law & Practice aIndirect Taxes Law & Practice